000 01207cam a2200349 c 4500
001 58002
003 CO-BoRNBP
005 20250813223725.0
007 ta
008 080514s2005 mx a jr 000 j spa
020 _a9789585910263
040 _aCO-BoRNBP
_bspa
_erda
_cCO-BoRNBP
041 1 _aspa
_hfre
084 _aC
100 _aErlbruch, Wolf
_eaut
_92400
245 1 3 _aLa gran pregunta /
_cWolf Erlbruch.
250 _aEdición especial para El Ministerio de Cultura
264 1 _aBogotá, Colombia :
_bBabel,
_c2015
300 _a[43] páginas :
_bilustraciones
336 _atexto
_btxt
_2rdacontent
337 _asin mediación
_bn
_2rdamedia
338 _avolumen
_bnc
_2rdacarrier
490 0 _aLeer es mi cuento
521 _aRecomendado de 4 a 6 años
534 _tLa grande question
586 _aPremio Bolonia 2004. Categoría ficción
650 0 4 _aCuentos infantiles alemanes
_2LEMB
650 0 7 _aLibros ilustrados para niños
_2LEMB
_92001
650 0 4 _aLiteratura infantil alemana
_2LEMB
830 0 _aColección para la Primera Infancia del Ministerio de Cultura, Plan Nacional de Lectura y Escritura Leer es mi cuento, Primera Infancia 2015
_960140
942 _2loc
_cBKLIT
999 _c58002
_d58002